000 00607nam a2200181Ia 4500
003 GCL
008 140319s9999 xx 000 0 ara d
040 _aGCL /
_cGCL
082 0 4 _a940.18
_bع ا
100 1 _aعبدالله بن عبدالرحمن الربيعى
245 1 0 _aاثر الشرق الاسلامى فى الفكر الاوربى خلال الحروب /
_cعبدالله بن عبدالرحمن الربيعى
300 _a192 ص
490 _a
650 0 4 _aالحروب الصليبية
650 0 4 _aالصليبيون
650 0 4 _aالتاريخ الاسلامى
942 _2ddc
_cBK
999 _c45104
_d45104